Structure and bonding in solid state chemistry (Record no. 34710)

MARC details
000 -LEADER
fixed length control field 00293nam a2200109Ia 4500
082 ## - DEWEY DECIMAL CLASSIFICATION NUMBER
Classification number 54-16
Item number LAD
100 ## - MAIN ENTRY--AUTHOR NAME
Personal name Ladd, M F C
245 #0 - TITLE STATEMENT
Title Structure and bonding in solid state chemistry
260 ## - PUBLICATION, DISTRIBUTION, ETC. (IMPRINT)
Place of publication Chichester
Name of publisher Ellis Horwood
Year of publication 1979
942 ## - ADDED ENTRY ELEMENTS (KOHA)
Koha item type Books
Holdings
Withdrawn status Lost status Damaged status Not for loan Home library Current library Date acquired Cost, normal purchase price Full call number Accession Number Koha item type
        RRII Library RRII Library 16/12/2021 47.50 54-16 LAD 15138 Books